00550nam a22001817a 450000500170000001000150001702000260003203500140005803700090007208200080008110000170008924500870010626000470019327000630024030000270030370000140033070000240034420220317115052.0 aENG-132016 a9788195056309c190.00 aEN-115548 bDBAD a658 aSudhakar, A. aBusiness Organisation And Management/cA Sudhakar, C Kavita and Viswanadham Bulusu aIndirapurambNational Publsihing Co.c2021 aSRB 43A, Shipra Riviera, Gyan Khand-3bIndirapurame201014 aviii, 211p.c24cm(pbk) aKavita, C aBulusu, Viswanadham